[Event "Olympiad-32"]
[Site "Yerevan"]
[Date "1996.09.17"]
[Round "2.1"]
[White "Mitkov, Nikola"]
[Black "Shulman, Yuri"]
[Result "1/2-1/2"]
[WhiteElo "2470"]
[BlackElo "2520"]
[Annotator "Kapengut"]
[PlyCount "113"]
[EventDate "1996.09.15"]
[EventType "team-swiss"]
[EventRounds "14"]
[EventCountry "ARM"]
[SourceTitle "CBM 055"]
[Source "ChessBase"]
[SourceDate "1996.12.01"]
[SourceVersion "1"]
[SourceVersionDate "1996.12.01"]
[SourceQuality "1"]
[WhiteTeam "Macedonia"]
[BlackTeam "Belarus"]
[WhiteTeamCountry "MKD"]
[BlackTeamCountry "BLR"]

1. e4 {Shulman,Y} e6 2. d4 d5 3. Nc3 Bb4 4. e5 c5 5. a3 Bxc3+ 6. bxc3 Ne7 7.
Qg4 Qc7 8. Qxg7 Rg8 9. Qxh7 cxd4 10. Ne2 Nbc6 11. f4 dxc3 12. Qd3 Bd7 13. Rb1
O-O-O 14. Nxc3 Na5 (14... a6 $2 15. Qxa6 $1 $16) 15. Rg1 $5 (15. h3 {-44/359})
(15. Be3 $6 Kb8 (15... d4 $5 16. Qxd4 Nf5 17. Qc5 Nxe3 18. Qxe3 Kb8 19. g3 Rc8
$132 {(Moles 75)}) 16. Nb5 Bxb5 17. Qxb5 Nec6 (17... d4 18. Bd2 Nac6 {(Euwe)})
(17... Nf5 $142 18. Bd2 Nc4 {(Moles 75)}) 18. g3 d4 19. Bd2 Rd5 20. Qd3 Rc5 21.
Bg2 Nc4 22. O-O Nb6 23. Rb5 Qe7 24. Rfb1 $16 {(Moles 75) Line Zuidema,
C-Kchouck/Havana ol 1966}) (15. Qf3 Nf5 16. Bd2 Nc4 17. Ne2 Bc6 18. Rg1 Nce3
19. Bxe3 d4 {0-1 Nicks,J-Bowles,S/USA corres 1986}) (15. h3 a6 (15... Kb8 16.
g4 Rc8 17. Bd2 Nc4 18. Rb3 Ng6 19. Qd4 Qc5 20. Qxc5 Rxc5 21. Bxc4 Rxc4 22. Rf1
Ka8 23. Rb4 Rc5 24. Kd1 a5 25. Na4 $1 $16 {Schlesinger,O-Nothnagel,H/Hessen-ch
qual-D ;GER 02 1989}) (15... Nc4 16. g4 Qc5 {[#]} 17. Ne4 $1 Qc7 (17... dxe4
18. Qxc4) (17... Qa5+ 18. Bd2 Qxa3 19. Qxa3 Nxa3 20. Nd6+ Kb8 21. Rxb7+ Ka8 22.
Bd3 Nc6 23. Rb3) 18. Qb3 {[/\ Bc4, Nd6]} dxe4 (18... Na5 19. Nd6+ Qxd6 20. exd6
Nxb3 21. dxe7 $18) 19. Qxc4 Bc6 20. Bg2 Qa5+ 21. Qb4 Qd5 22. O-O Rh8 23. Be3 (
23. Qxe7 Rxh3 24. Bxh3 e3) 23... Ng6 24. Rfd1 Qa2 (24... Qxd1+ 25. Rxd1 Rxd1+
26. Kh2 Nh4 27. Bxe4 $16) 25. Qc5 Rxd1+ 26. Rxd1 Rd8 27. Rxd8+ Kxd8 28. Kh2 {
[/\ Qa7, Qd6, f5 +-] Gil Sierra 1-0 Gil Sierra,J-Fluegge,G/corr 8/9 ICCF Cup
prel. 1990/92 ;CYB 12 1990}) 16. g4 Bc6 (16... Ng6 $5 {/\ 17.Bg2 Nh4} 17. h4 $5
Nxe5 $5 18. fxe5 Rxg4 19. Bg5 Qxe5+ 20. Be2 Rh8 21. Rf1 f5 $13) 17. Bg2 Ng6 (
17... d4 18. Ne4 Nd5 19. Bd2 $14) 18. O-O Nc4 19. Ne2 $1 {>< d4} Bb5 (19... Nh4
$5 20. Bh1 $14) 20. Nd4 Qc5 (20... Ncxe5 21. Nxb5 Nxd3 22. Nxc7 Nxc1 23. Rbxc1
Kxc7 24. c4 $1 $16) 21. Qc3 $1 (21. Rf2 Ncxe5 $17) 21... Kb8 22. Rf2 Bd7 23.
Nb3 $1 {/\ Nd2} Qc7 (23... Qa7 24. Na5 Nxa5 25. Be3 $1 Qa8 26. Qxa5 $16) 24.
Nd2 Nh4 (24... Nxd2 25. Qxc7+ Kxc7 26. Bxd2 $16) 25. Bf1 Bc6 $5 (25... Nxd2 26.
Qxc7+ Kxc7 27. Bxd2 Kc8 28. Bb4 Bc6 29. Kh2 $16) 26. Kh2 {/\ 27.Nc4 dc4 28.Be3
Nf3 29.Kg3+/-} b5 (26... Nxd2 27. Bxd2 d4 28. Qa5 Nf3+ 29. Rxf3 $1 Bxf3 30.
Qxc7+ Kxc7 31. Ba5+ Kc8 32. Bxd8 $18) 27. Qd4 $1 $16 {Przewoznik,J-Matlak,M/
Naleczow 44/359 (Przewoznik,J) 1987} (27. Nxc4 dxc4 28. Bxc4 $2 Bd5 $19) (27.
a4 d4 $13)) (15. Qd4 Kb8 16. Be3 b6 17. Qb4 Rc8 18. Qxe7 Qxc3+ 19. Bd2 Qxc2 20.
Rc1 Qe4+ 21. Kf2 Rxc1 22. Bxc1 Qc2+ 23. Be2 Bb5 $36 {Vidic-Szemesi/Yugoslavia
corres 1988}) (15. Ne2 Nf5 16. Rg1 (16. h3 Ba4 17. Rb2 d4 18. g4 Ne3 19. Bxe3
dxe3 20. Qc3 Bc6 21. Rg1 Qd7 22. Rb1 Nc4 23. Rg3 Nd2 24. Ra1 Nf3+ 25. Rxf3 Qd2+
$17 {Egger,J-Pupo,E/Santiago Wch-jr 1990}) 16... Ba4 17. c3 Bb3 18. Nd4 Bc4 19.
Qd2 Kb8 20. g3 Bxf1 21. Rxf1 Nc4 22. Qd3 Nxd4 23. cxd4 Rc8 24. Rf2 Qe7 25. Kf1
Rc6 26. f5 $1 $16 {Mitkov,N-De la Villa Garcia,J/Elgoibar 1995}) 15... Kb8 (
15... Nf5 16. g4 Qc5 17. Rg2 (17. Ne2 Nc4) 17... Nh4 18. Rg3 Nc4 19. Ne2 Ba4
20. Nd4 $13) 16. g4 Ng6 (16... Rc8 17. Rg3 Ng6 (17... Nc4 18. h4 Qc5 19. h5
Nxa3 20. Bxa3 Qxa3 21. Qa6 Qxa6 22. Bxa6 Rc7 23. Ne2 Ba4 24. Rc3 $16 {Poulton,
J-Martin,Be/It, Sheffield ENG 1996}) 18. Qd4 Nc6 19. Qc5 $5) 17. Ne2 (17. Qd4
$5) 17... Rc8 18. Nd4 Ba4 (18... f6 $5 19. exf6 Nxf4 20. Qg3 (20. Bxf4 Qxf4 21.
Qg3 Qxg3+ 22. Rxg3 e5 $132) 20... e5 $36) 19. Bd2 Nc4 20. Rb4 Qd7 (20... Nxd2
$6 21. Qxd2 Bxc2 22. Ba6 $1) 21. Bc1 Ka8 22. Qg3 a5 23. Rb1 Qe7 24. Bd3 f6 (
24... Qc5 $5 25. Qf2 Nxa3 $132) 25. exf6 (25. Nxe6 $6 Qxe6 26. Bxg6 Rxg6 27. f5
Qe8 $1 28. fxg6 Bxc2 $17) 25... Qxf6 26. Ne2 Qe7 $6 (26... e5 $5 27. f5 (27. g5
$140 $6 exf4) 27... Nh4 (27... e4 $6 28. Bxc4 Rxc4 29. fxg6 Bxc2 30. Rb2 (30.
Bb2 $2 Qb6) 30... Bd3 31. Qf4 $16) 28. g5 Qh8 $44) 27. g5 Qc5 28. Qf2 Qd6 29.
Bxc4 (29. h4 $1 $16) 29... Rxc4 30. Qb6 Qxb6 31. Rxb6 Bxc2 32. Rxe6 Bf5 33. Rf6
Nh4 (33... Re8 $6 34. Rxf5 Rxc1+ 35. Kd2) 34. Kf2 Re8 35. Re1 Bd3 $6 (35... d4
36. Kg3 (36. Nxd4 $2 Rxe1 37. Kxe1 Rxc1+ 38. Kd2 Rc5) 36... d3 (36... Rxe2 37.
Rxe2 Rc3+ 38. Be3 $1) 37. Kxh4 Rxe2 38. Rxe2 dxe2 39. Bd2 Rxf4+ $16) 36. Bd2 $2
(36. Nd4 $3 Rxe1 37. Kxe1 Rxd4 (37... Rxc1+ 38. Kd2 $18) 38. Be3 Ng2+ 39. Kf2
Nxe3 40. Kxe3 Ra4 41. Kxd3 Rxa3+ 42. Kd4 $18) 36... Rc2 37. Kg3 Rxd2 38. Kxh4
Rdxe2 39. Rxe2 Rxe2 40. h3 $6 $138 (40. f5 $1 Rxh2+ 41. Kg3 Rh1 42. g6 $132)
40... Rg2 (40... Be4 $1 41. f5 $140 (41. g6 Ka7 42. Kh5 d4) 41... d4 42. Rf8+
Ka7 43. f6 d3 44. f7 Rf2 $19) 41. Kh5 Be4 (41... d4 $140 $6 42. Rd6 Be2+ 43.
Kh6 d3 44. g6 $18) 42. f5 d4 43. Rf8+ Ka7 44. f6 d3 45. f7 Rf2 46. g6 d2 47.
Rd8 Rf5+ 48. Kh6 Rd5 $8 (48... Rf6 49. Rxd2 Rxg6+ 50. Kh7 Rg3+ 51. Kh8 Rxh3+
52. Kg7 Rg3+ 53. Kf6 Rf3+ 54. Ke7 $10) 49. f8=Q d1=Q 50. Ra8+ Kb6 51. Qf6+ Kb5
52. Qb2+ Kc6 (52... Ka4 $4 53. Qb4#) (52... Kc4 $2 53. Rc8+ Rc5 54. Qa2+ Kb5 (
54... Kd4 55. Qf2+) 55. a4+ Kb4 56. Qb2+ Kc4 57. Qb5+ $18) 53. Qc3+ (53. Rc8+
$6 Kd6 (53... Kd7 $2 54. Qxb7+ Kd6 55. Qc7+ $18) 54. Qf6+ (54. Qh2+ Ke6 55.
Re8+ Kf5 56. Qf2+ Bf3 57. Rf8+ Ke4) 54... Kd7 55. Qd8+ (55. Rd8+ Kc7) 55... Ke6
$17) 53... Kb6 54. Qf6+ Rd6 55. Qb2+ Kc7 56. Qg7+ (56. Qc3+ $6 Bc6 57. Qxa5+ b6
58. Qa7+ Bb7 59. Qb8+ Kc6 60. Qe8+ Kc5) 56... Kb6 (56... Rd7 $6 57. Qe5+ Qd6
58. Qxa5+ (58. Qxe4 $140 $2 Qd2+ 59. Kh5 Rd5+ 60. Kg4 Rd4 $19) 58... b6 59.
Qa7+ Bb7 60. Qb8+ Kc6 61. Qxd6+ $16) 57. Qb2+ 1/2-1/2

[Event "Politiken Cup 18th"]
[Site "Copenhagen"]
[Date "1996.??.??"]
[Round "5"]
[White "Djurhuus, Rune"]
[Black "Steingrimsson, Hedinn"]
[Result "1-0"]
[WhiteElo "2505"]
[BlackElo "2405"]
[Annotator "Knaak,R"]
[PlyCount "69"]
[EventDate "1996.06.??"]
[EventType "swiss"]
[EventRounds "11"]
[EventCountry "DEN"]
[SourceTitle "CBM 054"]
[Source "ChessBase"]
[SourceDate "1996.10.01"]
[SourceVersion "1"]
[SourceVersionDate "1996.10.01"]
[SourceQuality "1"]

1. e4 e6 2. d4 d5 3. Nc3 Bb4 4. e5 c5 5. a3 Bxc3+ 6. bxc3 Qc7 7. Nf3 {Mit mehr
Ambitionen kommt 7.Qg4 daher.} b6 8. a4 {Und hier gilt 8.Bb5+ Bd7 9.Bd3 als
geeigneter, Vorteil zu erkämpfen, aber siehe unten.} Ba6 9. Bxa6 Nxa6 10. Qe2
Nb8 11. O-O Ne7 12. c4 {Es ist vernünftig, die schwarzfeldrige Kette c3-d4-e5
aufzulösen bevor Schwarz zu Nb8-c6-a5 kommt.} dxc4 13. dxc5 bxc5 (13... Qxc5 $2
14. Ba3 Qc8 15. Nd2 $40) 14. Qxc4 Nd7 15. Re1 $14 {Zunächst glaubte ich, daß
der Schwarze hier gleiches Spiel hat. Er hat ja auch - nach dem Festlegen der
Variante mit 6...Qc7 und 7...b6 - alles richtig gemacht, während Weiß
scheinbar recht harmlos agierte. Aber bei näherem Hinsehen gefällt mir die
weiße Stellung besser. Es ist nicht so, daß es einen klaren Plan gibt, gegen
den sich Schwarz nicht wehren kann. Doch Raumvorteil gestattet ein schnelles
Umgruppieren der Kräfte. Der Bc1 ist stark und auch der Nf3 hat bessere
Perspektiven als die beiden schwarzen Springer.} Rb8 {Die Tatsache, daß Weiß
den Zug Rb4 nicht verhindert, obwohl es leicht möglich wäre, läßt mich
vermuten, daß 15...Rb8 durch einen nützlicheren Zug hätte ersetzt werden
sollen, etwa 15...0-0.} 16. Qh4 $1 Rb4 17. Qh5 g6 (17... O-O 18. c3 Rb3 19. Ng5
h6 20. Ne4 $36) 18. Qh3 $16 h5 {[%csl Rd6,Rf6,Rg5] So spielt Schwarz manchmal
im 'Franzosen', aber hier gibt es zwei offene Linien und dazu noch etliche
schwache Felder.} 19. Ng5 Nc6 (19... Nxe5 20. Qc3 Rd4 21. Bb2 $16) 20. c3 Rb6
21. f4 Ne7 22. Ne4 Kf8 23. Rd1 Nd5 24. Qh4 {droht 25.c4.} c4 25. f5 $1 exf5 (
25... Nxe5 $5 26. fxe6 fxe6 27. Rf1+ Kg7 28. Be3 $3 {(Fritz); noch stärker als
Bxb6 droht Bd4!} Nd3 (28... Nxe3 29. Qf6+ Kh7 (29... Kg8 30. Qf8+ Kh7 31. Nf6#)
30. Ng5+ Kh6 (30... Kg8 31. Qf8#) 31. Qxh8+ Kxg5 32. h4+ Kg4 (32... Kxh4 33.
Qf6+ g5 34. Qf2+ Kg4 35. Qxe3 $18) 33. Qf6 $18) 29. Bxb6 Qxb6+ 30. Kh1 $16) 26.
Rxd5 $18 fxe4 27. Ba3+ Kg7 28. Qe7 $1 Rb7 29. Rd6 Nf8 (29... Qd8 30. Qxd8 Rxd8
31. Rad1 {/\ Ba3-c1-g5} e3 32. Kf1 Rb3 33. Bc1 Rxc3 34. e6 $18) (29... Qc8 30.
Rf1 Qe8 31. Re6 Rb8 32. Bc1 Rc8 33. Rxg6+ Kxg6 34. Qg5+ Kh7 35. Qxh5+ Kg8 36.
Qg4+ Kf8 37. e6 $18) 30. Qf6+ Kh7 (30... Kg8 31. Rd8 $18) 31. Rd8 Rb8 32. Rxb8
Qxb8 33. Qxf7+ Kh6 34. Bc1+ g5 35. Bxg5+ 1-0

[Event "Hoogovens"]
[Site "Wijk aan Zee"]
[Date "1992.01.??"]
[Round "11"]
[White "Gelfand, Boris"]
[Black "Huebner, Robert"]
[Result "1/2-1/2"]
[WhiteElo "2665"]
[BlackElo "2615"]
[Annotator "Knaak,R"]
[PlyCount "39"]
[EventDate "1992.01.??"]
[EventType "tourn"]
[EventRounds "13"]
[EventCountry "NED"]
[EventCategory "14"]
[SourceTitle "CBM 028"]
[Source "ChessBase"]
[SourceDate "1992.06.01"]
[SourceVersion "1"]
[SourceVersionDate "1992.06.01"]
[SourceQuality "1"]

1. e4 e6 2. d4 d5 3. Nc3 Bb4 4. e5 c5 5. a3 Bxc3+ 6. bxc3 Ne7 7. Qg4 O-O 8. Bd3
Nbc6 9. Qh5 Ng6 $1 10. Nf3 Qc7 $1 {Hertneck} 11. Ng5 (11. O-O $6 c4 12. Be2 f6
$15) 11... h6 12. Nxf7 Qxf7 13. Qxg6 Qxg6 (13... Qxf2+ $4 14. Kd1 $18) 14. Bxg6
cxd4 15. cxd4 Nxd4 16. Bd3 $10 {+/=} Bd7 17. Bb2 Rf4 (17... Nf5 18. g3 a6 19.
Kd2 Bb5 20. Bxf5 {1/4:1/4 Vogt-Hertneck/Bad Lauterberg/1991/CBM27}) 18. Bc1 Rf7
19. Bb2 Rf4 20. Bc1 1/2-1/2

[Event "Terrassa"]
[Site "Terrassa"]
[Date "1991.??.??"]
[Round "1"]
[White "Illescas Cordoba, Miguel"]
[Black "Pomes Marcet, Juan"]
[Result "1-0"]
[WhiteElo "2545"]
[BlackElo "2400"]
[Annotator "Knaak,R"]
[PlyCount "69"]
[EventDate "1991.05.??"]
[EventType "tourn"]
[EventRounds "9"]
[EventCountry "ESP"]
[EventCategory "12"]
[SourceTitle "CBM 024"]
[Source "ChessBase"]
[SourceDate "1991.10.01"]
[SourceVersion "1"]
[SourceVersionDate "1991.10.01"]
[SourceQuality "1"]

1. e4 e6 2. d4 d5 3. Nc3 Bb4 4. e5 c5 5. a3 Ba5 6. b4 cxd4 7. Qg4 Ne7 8. bxa5
dxc3 9. Qxg7 Rg8 10. Qxh7 Nbc6 11. Nf3 $14 Qc7 (11... Qxa5 12. Bd3 $1 Bd7 13.
O-O O-O-O 14. Bg5 Rh8 15. Qg7 Rdg8 16. Qf6 $14 {Haszai-Raaste/Helsinki/1989})
12. Bf4 Bd7 13. Bd3 O-O-O 14. Bg3 Rdf8 $6 {N} (14... Qxa5 15. O-O Qc5 16. Rfe1
Rh8 17. Qxf7 Rdf8 18. Qg7 Nf5 19. Bxf5 Rhg8 20. Qh6 Rxf5 $13 {Dolmatov-Lputian/
Manila izt/1990/CBM19/i49/352}) 15. a6 Ng6 16. axb7+ Kxb7 17. O-O $16 Ka8 18.
Rab1 Nge7 19. Qh4 Qa5 20. Nd4 Nxd4 21. Qxe7 Bc6 22. Rb4 Nf5 23. Bxf5 exf5 24.
Rfb1 f4 25. Qd6 Qa6 26. Bxf4 d4 27. Bg3 Rd8 28. Qf6 d3 29. e6 Bb7 30. Qxc3 d2
31. Rd1 Qe2 32. Rbb1 fxe6 33. Qe3 Qxe3 34. fxe3 Be4 35. Rb2 {Time} 1-0

[Event "Nordic zt"]
[Site "Ostersund"]
[Date "1992.??.??"]
[Round "7"]
[White "Hellers, Ferdinand"]
[Black "Hansen, Lars Bo"]
[Result "1-0"]
[WhiteElo "2500"]
[BlackElo "2530"]
[Annotator "Knaak,R"]
[PlyCount "119"]
[EventDate "1992.??.??"]
[EventType "swiss"]
[EventRounds "9"]
[EventCountry "NOR"]
[SourceTitle "CBM 031"]
[Source "ChessBase"]
[SourceDate "1992.12.01"]
[SourceVersion "1"]
[SourceVersionDate "1992.12.01"]
[SourceQuality "1"]

1. e4 e6 2. d4 d5 3. Nc3 Bb4 4. e5 Ne7 5. a3 Bxc3+ 6. bxc3 c5 7. Qg4 O-O 8. Bd3
Nbc6 9. Bg5 $5 {Die neue Wunderwaffe?} Qa5 10. Ne2 Ng6 (10... cxd4 $6 11. f4
Nf5 (11... Bd7 12. O-O dxc3 13. Rf3 Ng6 14. Rh3 Nb4 15. Qh5 h6 16. axb4 Qxa1+
17. Kf2 Kh7 18. Bxh6 Rh8 19. Bxg6+ fxg6 20. Qg5 Kg8 21. Qxg6 Rh7 22. Rg3 Be8
23. Qf6 {1-0 Koch,B-Apicella/Pau op/1988}) 12. O-O dxc3 13. Bf6 Qc5+ 14. Kh1
Nce7 15. Bxf5 Nxf5 16. Ng3 g6 17. Nxf5 exf5 18. Qh4 $16 {Degraeve-Wessman/
Arnhem jr/1988}) (10... Qa4 $5 11. O-O Nxe5 12. Bxh7+ Kxh7 13. Qh5+ Kg8 14.
Bxe7 Re8 15. dxe5 Rxe7 16. f4 $13 {Orlov-Ivanov,S/GUS/1992/i54/275}) 11. h4
Nxd4 12. Qg3 $146 (12. f4 Nxe2 13. Kxe2 Qxc3 14. h5 c4 15. Bxg6 fxg6 16. Rac1
Qd4 17. h6 Qe4+ 18. Kd2 Qd4+ 19. Ke2 Rf5 20. hxg7 Rxe5+ 21. Kf1 h5 22. Bf6 Qe3
23. Bxe5 Qxc1+ 24. Kf2 Qxc2+ 25. Qe2 Qxe2+ 26. Kxe2 $19 {Ankerst-Kindermann/
Munich op/1991/92}) 12... Nxe2 13. Bxe2 Nxe5 $1 14. f4 (14. Qxe5 f6 15. Qg3
fxg5 16. hxg5 $13) 14... Nd7 15. Bh6 g6 16. Bxf8 Nxf8 17. h5 Bd7 18. hxg6 fxg6
19. O-O $44 Re8 (19... Qa4 $1) 20. c4 $1 Qd2 21. Qd3 Qxd3 22. cxd3 $14 Bc6 23.
Bf3 Nd7 $6 24. Rae1 Nb6 25. cxd5 Nxd5 26. g4 $1 Rf8 27. Rxe6 Nxf4 (27... Rxf4
$2 28. Rxc6 $1 bxc6 29. Bxd5+ $18) 28. Rd6 Bxf3 29. Rxf3 Rf7 30. Kh2 $16 Kg7
31. Re3 b6 32. Kg3 g5 33. Re5 h6 34. a4 Ng6 (34... Rc7 35. Re8 $16) 35. Re8 Nh4
36. Red8 Rf3+ 37. Kh2 Rf2+ 38. Kg1 Rd2 39. R8d7+ Kf8 40. Rxh6 Nf3+ 41. Kh1 Kg8
42. Rxa7 Ra2 43. Rb7 Rxa4 44. Rg6+ Kh8 45. Re6 Ra8 46. Rf7 Nh4 47. Rxb6 Re8 48.
Rbb7 Kg8 49. Kg1 Rd8 50. Rg7+ Kh8 51. Rh7+ Kg8 52. Rbg7+ Kf8 53. Rh8+ Kxg7 54.
Rxd8 Ng6 55. Rd5 Kf6 56. Kf2 Nf4 57. Rf5+ Kg6 58. Ke3 Ne6 59. Ke4 Kh7 60. Re5
1-0

[Event "EU-ch 8th"]
[Site "Dresden"]
[Date "2007.04.07"]
[Round "5"]
[White "Bobras, Piotr"]
[Black "Can, Emre"]
[Result "1-0"]
[WhiteElo "2545"]
[BlackElo "2404"]
[Annotator "Knaak,R"]
[PlyCount "37"]
[EventDate "2007.04.03"]
[EventType "swiss"]
[EventRounds "11"]
[EventCountry "GER"]
[SourceTitle "CBM 118"]
[Source "ChessBase"]
[SourceDate "2007.05.31"]
[SourceVersion "1"]
[SourceVersionDate "2007.05.31"]
[SourceQuality "1"]

1. e4 e6 2. d4 d5 3. Nc3 Bb4 4. e5 c5 5. a3 Bxc3+ 6. bxc3 Ne7 7. Qg4 O-O 8. Bd3
Nbc6 9. Bg5 {Instead of the more frequently played moves 9.Qh5 and 9.Nf3.
Statt der häufiger gespielten Züge 9.Qh5 und 9.Nf3.} Qa5 10. Ne2 Qa4 $6 {
Up till now this was considered an interesting sub-variation, but perhaps this
judgement will have to change. Bisher galt das als interessante Nebenvariante,
aber vielleicht wird man dieses Urteil ändern müssen.} (10... Ng6 11. O-O c4
12. Bxg6 fxg6 $14 {/=}) 11. h4 {An innovation, though typical for this sort of
position. Eine Neuerung, allerdings auch typisch für diese Art Stellung.} c4 (
11... Nxe5 12. Bxh7+ Kxh7 13. Qh5+ Kg8 14. Bxe7 Re8 15. dxe5 Rxe7 16. Qg5 $14)
12. Bxh7+ $1 Kxh7 13. Kd2 $1 Nf5 {Black can no longer fend off the attack
which follows; but I cannot see anything better than the knight move. Schwarz
kann den nun folgenden Angriff nicht parieren, aber ich sehe auch nichts
Besseres als den Springerzug.} 14. Rh3 Bd7 (14... f6 15. Qh5+ Kg8 16. Bxf6 gxf6
(16... Bd7 17. g4 Nd6 18. g5 Nf5 19. Rf3 Be8 20. g6 Nh6 21. Rg1 Qxa3 22. Bxg7
Kxg7 23. Rf7+ $18) 17. Qg6+ Ng7 18. Rg3 Rf7 19. exf6 Ne7 20. Qxg7+ Rxg7 21.
Rxg7+ Kf8 22. Rxe7 $18) 15. Qh5+ Nh6 (15... Kg8 16. Bf6 $1 Nce7 17. Qg5 Ng6 18.
h5 gxf6 19. exf6 $18) 16. Rg3 Qa5 17. Be3 Ne7 (17... Rh8 18. Bxh6 g6 19. Qg5
$18) 18. Rxg7+ Kxg7 19. Bxh6+ 1-0

[Event "YUG-ch"]
[Site "Podgorica"]
[Date "1996.??.??"]
[Round "10"]
[White "Gligoric, Svetozar"]
[Black "Maksimovic, Branimir"]
[Result "1-0"]
[WhiteElo "2475"]
[BlackElo "2375"]
[Annotator "Knaak,R"]
[PlyCount "81"]
[EventDate "1996.02.??"]
[EventType "tourn"]
[EventRounds "15"]
[EventCountry "YUG"]
[EventCategory "9"]
[SourceTitle "CBM 053"]
[Source "ChessBase"]
[SourceDate "1996.08.01"]
[SourceVersion "1"]
[SourceVersionDate "1996.08.01"]
[SourceQuality "1"]

1. d4 e6 2. e4 d5 3. Nc3 Bb4 4. e5 c5 5. a3 Bxc3+ 6. bxc3 Nc6 {Der Protagonist
dieses Zuges ist Maksimovic. Die Idee besteht darin, dem Ng8 evtl. ein anderes
Feld zu verschaffen bzw. zunächst f7-f6 zu spielen. Außerdem wird sofort Druck
auf das weiße Zentrum gemacht.} 7. Qg4 $1 {Zu 7.Nf3 s.a. Kuczynski,R-Matlak,M/
POL-ch/1996/CBM 53} g6 8. a4 $1 {Nimmt der Qd8 die Möglichkeit Qd8-a5-a4 und
läßt im Gegensatz zu 8.Nf3 den Rückzugsweg Qg4-d1 offen.} f5 9. Qd1 Qa5 10. Bd2
Nge7 (10... c4 11. h4 $1 {/\ Nh3-f4}) 11. Bb5 $1 {Gligoric tauscht seinen B
lieber bevor er durch c4 eingesperrt wird.} (11. Nf3 c4 $5 {Hier, wo schon f5
und a4 gespielt sind, macht dieser Zug einen größeren Sinn. Der Bf1 beißt
zunächst auf Granit, der Pa4 kann belagert werden. Die Erfahrungen von
Maksimovic sind nicht schlecht.} 12. h4 h6 13. Qc1 Nd8 $1 (13... Bd7 14. Rb1 $1
Nc8 $1 15. Bxh6 Nb6 16. Bd2 O-O-O 17. Qb2 $13 {Vukovic,Zd-Maksimovic,B/
Jugoslavija 52/(287) 1990}) 14. Qa3 Bd7 15. Rg1 $5 (15. Be2 Nf7 16. O-O Nc8 $5
{/\ Qd8, g5, /\ Nb6 ><a4}) 15... Rc8 $1 {/\ Rc6} 16. Qb4 (16. g4 Rc6 17. gxf5
exf5 $1 $15) 16... Nec6 (16... Qxb4 17. cxb4 c3 $5 $13) 17. Qb2 Ne7 $13 {
1-0 Gligoric,S-Maksimovic,B/Jugoslavija i52/287 1991 (40)}) 11... Bd7 12. Nf3
c4 {Wahrscheinlich sollte Schwarz den Plan ändern und hier auf c4 verzichten.}
(12... a6 $5) 13. Bxc6 Nxc6 14. Qc1 Nd8 15. Qa3 Nf7 16. Ng5 $1 {Glasklar
gespielt. Nach dem Tausch der Springer verbleibt Weiß mit einem deutlich
besseren B.} h6 17. Nxf7 Kxf7 18. h4 $16 Bc6 19. Ke2 Qd8 20. a5 a6 (20... Qf8
21. Qc1 {Weiß tauscht natürlich nicht die Damen. Schwarz muß sich auf eine
lange und unangenehme Verteidigung einrichten.}) 21. Rag1 g5 $6 {Flucht nach
vorn.} 22. f3 (22. hxg5 $2 hxg5 23. Rxh8 $2 Qxh8 24. Bxg5 $2 Qh5+ $19) 22...
gxh4 (22... Kg7 23. hxg5 hxg5 24. Rxh8 Kxh8 25. Qc1 $18) (22... f4 23. g3 $18)
23. Be1 {Weiß muß nur normale Züge machen. Der Rest ist einfach.} Qe7 24. Qa1
Rag8 25. Bxh4 Qf8 26. Bf6 Rh7 27. g4 fxg4 28. fxg4 Rg6 29. g5 Ke8 30. Rh5 Kd7
31. Qf1 Rf7 32. Qh3 Ba4 33. Rb1 b5 34. gxh6 Rgxf6 35. exf6 Rxf6 36. Rf1 Bxc2
37. Rxf6 Qxf6 38. h7 Bd3+ 39. Ke3 Qh8 40. Rg5 Qf6 41. Rg3 1-0

[Event "Rimavska Sobota"]
[Site "Rimavska Sobota"]
[Date "1991.??.??"]
[Round "4"]
[White "Polgar, Sofia"]
[Black "Lputian, Smbat G"]
[Result "0-1"]
[WhiteElo "2425"]
[BlackElo "2565"]
[Annotator "Knaak,R"]
[PlyCount "66"]
[EventDate "1991.05.??"]
[EventType "tourn"]
[EventRounds "13"]
[EventCountry "CSR"]
[EventCategory "9"]
[SourceTitle "CBM 024"]
[Source "ChessBase"]
[SourceDate "1991.10.01"]
[SourceVersion "1"]
[SourceVersionDate "1991.10.01"]
[SourceQuality "1"]

1. e4 e6 2. d4 d5 3. Nc3 Bb4 4. e5 c5 5. a3 Bxc3+ 6. bxc3 Ne7 7. Qg4 O-O 8. Bd3
Nbc6 9. Qh5 Ng6 10. Nf3 Nce7 11. Ng5 $2 (11. dxc5 $1 Qc7 12. O-O Nf5 13. Re1
Qxc5 14. Bd2 {+/=/+/- Vasiukov-Naumkin/Voskresensk/1990/CBM19/i50/324}) 11...
h6 12. Nf3 (12. Nxf7 $2 Kxf7 13. h4 Qe8 {/\ Kg8 Naumkin}) 12... c4 13. Bxg6
fxg6 $15 14. Qg4 Bd7 15. a4 Qa5 16. Kd2 $2 g5 $1 17. Kd1 (17. Ba3 Rf4 18. Qg3
Nf5 19. Qh3 g4 $19) 17... Qxc3 18. Ra3 Qb4 19. h4 Rf4 20. Bxf4 gxf4 21. Ra1 Rf8
22. Ke2 Qc3 23. Rac1 Rf5 24. Rhe1 Bxa4 25. Kf1 Be8 26. Qh3 Nc6 27. Ng5 Qxh3 28.
Nxh3 Nxd4 29. c3 Nb3 30. Rc2 b5 31. Ng1 a5 32. Nf3 b4 33. Rb1 Rf8 0-1

[Event "HUN-ch"]
[Site "Budapest"]
[Date "1991.??.??"]
[Round "4"]
[White "Tolnai, Tibor"]
[Black "Farago, Ivan"]
[Result "1-0"]
[WhiteElo "2480"]
[BlackElo "2515"]
[Annotator "Knaak,R"]
[PlyCount "79"]
[EventDate "1991.12.??"]
[EventType "tourn"]
[EventRounds "9"]
[EventCountry "HUN"]
[EventCategory "12"]
[SourceTitle "CBM 027"]
[Source "ChessBase"]
[SourceDate "1992.04.01"]
[SourceVersion "1"]
[SourceVersionDate "1992.04.01"]
[SourceQuality "1"]

1. e4 e6 2. d4 d5 3. Nc3 Bb4 4. e5 c5 5. a3 Bxc3+ 6. bxc3 Ne7 7. Qg4 O-O 8. Bd3
f5 9. exf6 Rxf6 10. Bg5 Rf7 11. Qh4 h6 12. Bxe7 Rxe7 13. Nf3 e5 $5 (13... Nc6)
14. dxe5 Rxe5+ 15. Kd2 Qxh4 16. Nxh4 Nc6 $10 17. f4 Re7 18. Ng6 Re8 19. Rhe1
Bd7 20. Bb5 Kh7 21. Bxc6 Bxc6 22. Ne7 $1 Bb5 23. Re5 Rad8 24. Rae1 b6 25. g3 (
25. Nxd5 $4 Rxe5 26. Rxe5 Bc4 $19) 25... d4 26. cxd4 Rxd4+ 27. Kc1 Red8 28. Nf5
Rd2 $6 (28... R4d7 29. Re7 Rxe7 30. Rxe7 Rd7 31. Rxd7 Bxd7 $10) 29. Re7 Ba4 (
29... R2d7 30. Nxg7 $18) 30. Rxg7+ Kh8 31. Rxa7 Rxc2+ $2 (31... Bxc2 $5 32.
Nxh6 Bb3 33. h4 (33. Ree7 $4 Rc2+ 34. Kb1 Rd1#) 33... Rc2+ (33... Rg2 34. g4
Bg8 35. Rb7 Rd3 36. Rxb6 Rxa3 $132) 34. Kb1 Rg2 35. g4 Bg8 {/\ R8d2=} 36. Rb7
$1 $16) 32. Kb1 Rdd2 33. Ra8+ Kh7 34. Re7+ Kg6 35. Ne3 Rb2+ 36. Kc1 Rxh2 $6 (
36... Kf6) 37. f5+ (37. Rg8+ Kf6 38. Nd5+ Kf5 39. Re5#) 37... Kg5 38. Rg8+ Kf6
39. Nd5+ Kxf5 40. Rf8+ (40. Rf8+ Kg4 41. Rg7+ Kh3 42. Nf4#) (40. g4#) 1-0